000
00316nam a2200133Ia 4500
008
240624s9999 xx 000 0 und d
041
_a
eng
082
_a
823 AKH
100
_a
AKHTAR JAVED
245
_a
TARKASH
260
_c
2014
_a
New Delhi
_b
Rajkamal Prakashan
300
_a
163 : p. : cm. ; 21
365
_c
RS
_b
25
999
_c
23892
_d
23892